00266nam a22001097a 4500003000400000020001800004082001400022100002500036245005400061260003300115300000800148SGT a9789360455224 a301bB24S aSHARMA, MRITYUNJAY  aBROKEN PROMISES: CASTE, CRIME & POLITICS IN BIHAR bWESTLAND NON - FICTIONc2024 a333